000
00191 a2200097 4500
001
38255
100
_a
Atkinson
245
_a
Crusade
260
_a
_b
PAF Book club
_c
090
_c
24312
_d
24312
942
_a
NUST-CAE
_c
M
_c
15906
999
_c
273328
_d
273328